000 00786nam a2200301Ia 4500
001 11089
005 20240113235255.0
007 ta
008 050809s 196 g b000 u eng u
040 _aCotton College,Assam
041 _aeng
082 _a312
_bT 379 P
100 _aThompson, W.S. .
245 0 _aPopulation Problems /
_cW.S. Thompson & D.T. Lewis.
_hTextual Documents
250 _a5th ed. /
260 _aNew York :
_bMcGraw - Hill book company ,
_cC 1965.
300 _axiv, 593p. ;
_c22cm.
504 _aIndex
653 _aStatistics-Population
653 _aPopulation
653 _aMS-Statistics
653 _aT/G-Statistics
700 _aLewis, D.T. .
942 _2ddc
_cBK
999 _c11076
_d11076